Statistics for Fill in the blanks - 5SOS songs

Click here to take the quiz!

General Stats

  • This quiz has been taken 3,010 times
  • The average score is 8 of 15

Answer Stats

HintAnswer% Correct
How did we ______ talking in the first place?end up
92%
If you _____________, you'll drowndon't swim
76%
So tell me what else can I do, I bought my ________ for youfake ID
71%
And the dreams you left behind, _______________you didn't need them
71%
_______________, it's like a broken record, saying that your heart hurtsYou call me up
66%
I don't even like you, why'd you want to ____________go and make me feel this way
63%
I get dressed up when I go out, but she __________gets dressed down
60%
She lies awake, I'm trying to find __________the words to say
57%
Keep on whispering in my ear, tell me all the things ________________that I wanna hear
55%
______________, "Forget what you thought"she said to me
53%
Life's a ___________, of cellphone calls and hashtags I-don't-knowstangled web
49%
You got me ___________, I can't escape ittongue tied
33%
Never say goodbye, so _____________kiss me kiss me kiss me
25%
What was I thinking? Everyone __________sees it
24%
_______________, she's so out of reachit's obvious
23%

Score Distribution

Percentile by Number Answered

Percent of People with Each Score

Your Score History

You have not taken this quiz